00000000nam##2200000za#4500
0019.632692
003CaOODSP
00520210624214940
007cr |||||||||||
008150407|1994||||xxc|||||o    f|0| 0 fre|d
040 |aCaOODSP|bfre
043 |an-cn---
0861 |aSN3-61/1994F-PDF
1101 |aCanada.|bBibliothèque nationale du Canada.
24510|aClasse FC : cadre de classification de l'histoire du Canada |h[ressource électronique]
250 |aDeuxième édition
260 |aOttawa - Ontario : |bBibliothèque nationale du Canada |c1994.
300 |a142p.|bindex
500 |a«La deuxième édition [...] constitue une version revue et augmentée de la première édition de cette table parue en 1976. Celle-ci a remplacé beaucoup de systèmes de classification du type Library of Congress utilisés par les bibliothèques canadiennes pour classer l'information dans le domaine de l'histoire du Canada.»--Préface de la deuxième édition. Données de catalogage avant publication (Canada) imprimées dans cette publication.
500 |aLe n° de catalogue et l'ISBN de l'édition papier ont été imprimés dans l'édition PDF.
5203 |aCe document présente le système de classification normalisé de l'histoire canadienne en vigueur à la Bibliothèque nationale. Ce système est compatible avec le système de classification de la Library of Congress. Il constitue un outil de recherche précieux pour tous ceux qui s'intéressent à l'histoire du Canada.
69107|aClassification documentaire|2gcpds
69107|aHistoire du Canada|2gcpds
77508|tClass FC : a classification for Canadian history |w(CaOODSP)9.688260
7760#|tClasse FC: cadre de classification de l'histoire du Canada |w(CaOODSP)9.679203
85640|ahttp://publications.gc.ca|qPDF|s319 Ko|uhttps://publications.gc.ca/collections/Collection/SN3-61-1994F.pdf